000 01010cam a22002651i 4500
003 SA-RiAUC
005 20260306131203.0
008 260303s2004 le g 000 0 ara c
040 _aSA-JeALM
_bara
_cSA-RiAUC.
_erda
050 4 _b. S838 2004
082 0 4 _a247.5
_qSA-RiAUC
090 _a247.5
_bس ب ح
100 1 _aالسبحاني، جعفر،
_d1929-
_eمؤلف.
245 1 2 _aفي ظلال التوحيد /
_bدراسة مبسطة حول التوحيد والشرك وتحديد معالمهما
_cتأليف جعفر السبحاني.
250 _aالطبعة الأولى.
264 1 _aطهران. ايران :
_bدار مشعر،
_c2001
300 _a712 صفحة ؛
_c24 سم
336 _aنص
_btxt
_2rdacontent
_3كتاب
337 _aبدون وسيط
_bn
_2rdamedia
338 _aمجلد
_bnc
_2rdacarrier
650 7 _aعلم الكلام (شيعة)
_2aucsh
650 7 _aالشرك (شيعة)
_2aucsh
942 _2ddc
_cBOOK
_n0
949 _aSA-JeALM
_d260303
_uosman123
_n1
999 _c14491
_d14491